01573nam a2200277 i 4500003000900000005001700009007000300026008004100029040003000070041000800100082002400108110010400132245036400236264018200600300002700782336002700809337003400836338002800870590002700898700003900925910000700964942001400971952014400985952014901129999001701278DO-SdBNP20250728145743.0ta250728b2015 dr ||||| |||| 00| 0 spa d aDO-SdBNPbspacBNPHUerda aspa 4axxxbR426a 20012221 aRepública Dominicana.bComisionado de Apoyo a la Reforma y Modernización de la Justicia.917179 aAnteproyecto del Nuevo Código penal de la República Dominicana /cdiagramación Sergio A. Ortiz V. ; portada Willian Ramírez ; presentación Enríque García ; comisión revisora y actualizadora Artagnán Pérez Méndez, coordinador, Ramón Andrés Blanco F., Víctor José Castellanos E., Mercedes Cosme de Gonell y José Lorenzo Fermín. 4aSanto Domingo, República Dominicana : bComisionado de Apoyo a la Reforma y Modernización : Libreria Jurídica Virtual, bEdiciones Jurídicas Trajano Potentini,c©2001. a288 páginas ;c21 cm atextobtxt2rdacontent asin mediación bn2rdamedia avolumenbnc2rdacarrier aInventariado, 2025 /LP1 aPérez Méndez, Artagnan,988447 aLP 2ddccLBS1 00102ddc51708PDaBNPHUbBNPHUcHDd2018-05-01eDonado por Librería Delma l0oxxx R426a 2001p2025-7554r2025-07-28w2025-07-28yLBS1 00102ddc51708PDaBNPHUbBNPHUcHDd2018-05-01eDonado por Librería Delma l0oxxx R426a 2001p2025-7555r2025-07-28te.2w2025-07-28yLBS1 c59656d59656